000 00338nam a2200133Ia 4500
008 151001s9999||||xx |||||||||||||| ||und||
100 _aसत्यजित राय
245 _aबंबई का बागी
250 _a1
260 _bकिताबहार
260 _c2006
300 _a72
365 _b21
999 _c994321
_d994318